00340nam a2200133Ia 4500003000900000008004100009040001300050040001300063100002100076245007400097260002100171300000800192490000600200IT-RoPAU120407s9999 xx 000 0 und d aIT-RoPAU cIT-RoPAU aAngelo Montonati aL'anticamera del regno. Le parabole di Gesù€ lette da un giornalista aEdizioni Paoline c cm v1